000 00744nam a2200205 a 4500
001 000035856
005 20200930074653.0
008 111115s1956 mx 000 0 spa d
040 _aDO-SdBNP
_bspa
_cBNPHU
082 _axxx
_bF932p, 1956
100 1 _aFromm, Erich
_951429
240 1 0 _aThe sane society
245 1 0 _aPsicoanálisis de la sociedad contemporánea :
_bHacia una sociedad sana /
_cErich Fromm.
250 _a2a ed.
260 _aMéxico
_aArgentina :
_bFondo de Cultura Económica,
_c1956.
300 _a110 p. ;
_c22 cm.
490 1 _aBiblioteca de psicología y psicolanálisis
590 _aPerteneció a la biblioteca personal de Juan Isidro Jimenes Grullón
830 0 _aBiblioteca de psicología y psicolanálisis
_961836
999 _c35347
_d35347